Statistics for All ECW Pay-Per-View (PPV) Event Names

Click here to take the quiz!

General Stats

  • This quiz has been taken 122 times
  • The average score is 6 of 9

Answer Stats

Years HeldUsually HeldEvent% Correct
1997 - 2000NovemberNovember to Remember
93%
1998 - 2000July / AugustHeat Wave
83%
1997AprilBarely Legal
76%
1999 - 2001JanuaryGuilty as Charged
60%
1999 - 2000September / OctoberAnarchy Rulz
59%
1998 - 2000MarchLiving Dangerously
59%
2000DecemberMassacre on 34th Street
53%
1997, 1999 - 2000MayHardcore Heaven
52%
1998MayWrestlepalooza
38%

Score Distribution

Percentile by Number Answered

Percent of People with Each Score

Your Score History

You have not taken this quiz